000 00327nam a22001457a 4500
008 230124b ||||| |||| 00| 0 eng d
020 _a9781457681578
041 _aeng
080 _a159.9
082 _a159.9KIR
100 _a25
101 _aPSI
245 _aFOCUS ON READING AND WRITING
_cKIRSZNER G L
942 _2udc
_cBK
999 _c59255
_d59255